| 000 | 00652nab a2200181 4500 | ||
|---|---|---|---|
| 001 | 244442 | ||
| 003 | OSt | ||
| 005 | 20250324092124.0 | ||
| 007 | tu | ||
| 008 | 200917s2020||||||| | ||
| 040 |
_aDE-2950 _cDE-2950 |
||
| 245 | 0 | 0 |
_aSoziale Träger schlagen Alarm _bBetreuung. Keine Kits soll Schließen, keine Erzieherinnen aufgrund sinkender Kinderzahlen entlassen werden, heißt es aus dem Rathaus. Doch Verbände und Fachpolitiker haben ihre Zweifel/ _cLeonard Palm |
| 264 | _c2024 | ||
| 653 | _aFrankfurt (Oder) | ||
| 653 | _aKitaplanung | ||
| 773 | 0 |
_g36. Jahrgang (2025) Nr. 64 vom 17.03.2025, S. 11 mit Foto _tMärkische Oderzeitung |
|
| 942 |
_2z _cA |
||
| 999 |
_c373652 _d373652 |
||